000 00696nam a2200205 a 4500
001 000017888
005 20240313073816.0
008 100407s1984 dr c 000 0 spa d
040 _aDO-SdBNP
_bspa
_cBNPHU
082 _axxx
_bP349m
100 1 _aPeña Castillo, Domingo A.
_d1915-
_938789
245 1 0 _aMemorias de un revolucionario /
_cDomingo A. Peña Castillo ; presentación Lipe Collado.
250 _a2a ed.
260 _aSanto Domingo :
_bAlfa y Omega,
_c1984.
300 _a140 p. :
_bretr. ;
_c21 cm.
500 _aIncluye datos biográficos del autor en la contraportada
500 _aIncluye notas al pie de las páginas
049 _aBNPD
700 1 _aCollado, Lipe,
_d1947-
_979819
999 _c17412
_d17412